000 00828nam a2200277Ia 4500
003 OSt
005 20220918164736.0
006 a|||||r|||| 00| 0
007 ta
008 220917b |||||||| |||| 00| 0 eng d
020 _a0745317871 (hbk)
024 _a196,180
037 _cTextual
040 _aARTS
_cARTS
_beng
041 _2eng
_aeng
082 _aY72:7:7.6, P1
100 _aSalih M A Ed.
_920418
245 0 _aAfrican pastoralism
_b Conflict, Institutions and Government
260 _aAssrea
_bPluto press
_c2001
300 _avii, 311 p.
_ccm.
650 _aSOCIOLOGY
700 _a Dietz Ton Ed.
_920419
700 _a Mohd. Ahmad Abdel Ghaffar Ed.
_920420
942 _hY72:7:7.6, P1
_cTEXL
_2CC
999 _c126294
_d126294